| 000 | 00000nam 2200000za 4500 |
| 001 | 9.640257 |
| 003 | CaOODSP |
| 005 | 20210624222601 |
| 007 | cr ||||||||||| |
| 008 | 150407s2003 onc|||||o f|0| 0 fre d |
| 040 | |aCaOODSP|bfre |
| 043 | |an-cn--- |
| 086 | 1 |aEn49-16/3F-PDF |
| 110 | 1 |aCanada.|bEnvironnement Canada. |bInventaire national des rejets de polluants. |
| 245 | 10|a2001 compte rendu national – Inventaire national des rejets de polluants |h[ressource électronique] : |brejets. |
| 260 | |aOttawa : |bEnvironnement Canada, |c2003. |
| 300 | |a19 p. : |bfigure, graphique, tableaux. |
| 500 | |a« Loi canadienne sur la protection de l'environnement de 1999 ». Le n° de catalogue (En49-16/3F) et l'ISBN (0-662-75230-9) de l'édition imprimée ont été incorrectement copiés dans l'édition électronique. |
| 504 | |aBibliographie. |
| 520 | 3 |aCe rapport donne un aperçu de l’Inventaire national des rejets de polluants (INRP), y compris des ajouts et d’autres nouveautés en 2001. Il fournit des données sur les rejets de polluants sur des sites – dans l’air, dans l’eau, dans le sol; présente les 25 polluants répertoriés à l’INRP rejetés sur des sites en plus grandes quantités en 2001; et nomme les cinq secteurs industriels qui ont déclaré les plus importants rejets sur des sites de polluants répertoriés à l’INRP en 2001. Bibliographie comprenant plusieurs publications gouvernementales et sites Web ainsi que le nom de personnes-ressources d’autres organismes pertinents. |
| 590 | |a12-19-Supp|b2012-04-30 |
| 691 | 07|aPolluant|2gcpds |
| 775 | 08|t2001 national overview – National Pollutant Release Inventory |w(CaOODSP)9.696138 |
| 776 | 0#|t2001 compte rendu national -- Inventaire national des rejets de polluants. Rejets |w(CaOODSP)9.682392 |
| 794 | |tCompte rendu national – Inventaire national des rejets de polluants, 2002 |w(CaOODSP)9.631792 |
| 856 | 40|ahttp://publications.gc.ca|qPDF|s677|uhttps://publications.gc.ca/collections/collection_2012/ec/En49-16-3-fra.pdf |